Supprimento d'agua no nordeste do Brasil / (Record no. 27004)

MARC details
000 -LEADER
fixed length control field 01089cam a22002771a 4500
001 - CONTROL NUMBER
control field gs 33000063
003 - CONTROL NUMBER IDENTIFIER
control field DLC
005 - DATE AND TIME OF LATEST TRANSACTION
control field 20260227111337.0
008 - FIXED-LENGTH DATA ELEMENTS--GENERAL INFORMATION
fixed length control field 871119s1923 bl abf b 001 0 por c
010 ## - LIBRARY OF CONGRESS CONTROL NUMBER
LC control number gs 33000063
035 ## - SYSTEM CONTROL NUMBER
System control number (OCoLC)17006497
040 ## - CATALOGING SOURCE
Original cataloging agency U.S. Geol. Survey. Libr.
Transcribing agency CLU
Modifying agency CLU
-- DLC
043 ## - GEOGRAPHIC AREA CODE
Geographic area code s-bl---
050 00 - LIBRARY OF CONGRESS CALL NUMBER
Classification number TC841
Item number .A3 no. 23
100 1# - MAIN ENTRY--PERSONAL NAME
Personal name Waring, Gerald A.
Fuller form of name (Gerald Ashley),
Dates associated with a name 1883-
245 10 - TITLE STATEMENT
Title Supprimento d'agua no nordeste do Brasil /
Statement of responsibility, etc. por Geraldo A. Waring.
250 ## - EDITION STATEMENT
Edition statement 2a. edição
260 ## - PUBLICATION, DISTRIBUTION, ETC.
Place of publication, distribution, etc. [Rio de Janeiro] :
Name of publisher, distributor, etc. Imprensa Ingleza,
Date of publication, distribution, etc. 1923.
300 ## - PHYSICAL DESCRIPTION
Extent xlii, 78 p., [6] leaves of plates :
Other physical details ill., fold. map, diagr. ;
Dimensions 23 cm.
490 1# - SERIES STATEMENT
Series statement Inspectoria Federal de Obras contra as Seccas ;
Volume/sequential designation Publicação n. 23, Serie I. D. Hydrologia, Geologia
500 ## - GENERAL NOTE
General note At head of title: Ministerio da Viação e Obras Publicas.
504 ## - BIBLIOGRAPHY, ETC. NOTE
Bibliography, etc. note Bibliography: p. 6.
500 ## - GENERAL NOTE
General note Includes index.
650 #0 - SUBJECT ADDED ENTRY--TOPICAL TERM
Topical term or geographic name entry element Water-supply
Geographic subdivision Brazil, Northeast.
830 #0 - SERIES ADDED ENTRY--UNIFORM TITLE
Uniform title Publicação (Brazil. Inspectoria Federal de Obras contra as Seccas) ;
Volume/sequential designation n. 23, sér. 1, D.

No items available.

Powered by Koha